Knacke den Code! - Statistiken

Allgemein
  • Dieses Quiz wurde 414 mal gespielt
  • Das Durchschnittsergebnis liegt bei 4 aus 10
Antwortstatistiken
Hinweise Rechnung Ergebnis % Korrekt
€ = 6 2 + € = 8
100%
´ = 4 ´ + € 10
95%
@ = 8 ´€ + @ 54
47%
; = 1 ;@ ÷ 2 9
43%
} = 2 ;€´ ÷ } 82
38%
? = 7 ;? ⋅ ´ 68
31%
µ = 3 µ´ + }€ 60
28%
X = 5 ´}X - ;µ 412
22%
☆ = 9 }☆ ⋅ µ 87
19%
§ = 0 @§ ÷ ´§ 2
15%
Keine übereinstimmenden Quizze gefunden
Verteilung der Resultate
Anzahl Personen mit jedem Resultat
Perzentil nach korrekt beantworteten Fragen
Ihre Resultats-Entwicklung
Sie haben dieses Quiz noch nicht gespielt